Miasta zaczynające się na literę L na mapie - Statystyki

Ogólne statystyki
  • Ten quiz został rozwiązany 42 razy
  • Średni wynik to 14 z 26
Odpowiedzi na mapie
Odpowiedzi zakodowano w zielono-czerwonej skali na mapie do tego quizu, zgodnie z poniższymi procentami.
 
Statystyki odpowiedzi
Miasto % Poprawnych
Londyn
100%
Lima
97%
Lizbona
94%
Los Angeles
94%
Lwów
88%
Lublana
82%
Lyon
82%
Lipsk
70%
Luanda
67%
Lagos
64%
La Paz
64%
Las Vegas
64%
Lille
52%
Leeds
45%
Lusaka
45%
Las Palmas
42%
Lilongwe
42%
Limerick
39%
Libreville
33%
Luksor
30%
Lhasa
27%
Larnaka
24%
Lahaur
21%
Lubumbashi
3%
Lucknow
3%
Lanzhou
0%
Nie znaleziono quizów pasujących do podanych kryteriów
Rozkład punktacji
Procent ludzi z każdym wynikiem
Percentyl według liczby udzielonych odpowiedzi
Twoja historia wyników
Nie rozwiązałeś tego quizu